| 000 | 00709nam a2200229 a 4500 | ||
|---|---|---|---|
| 999 |
_c8252 _d8252 |
||
| 001 | 8252 | ||
| 003 | BD-JhCC | ||
| 005 | 20180422115401.0 | ||
| 008 | 180220b1992 bg a|||| ||a| 000 0 ben d | ||
| 020 | _a9840726382 | ||
| 035 | _a(BD-JhCC)8252 | ||
| 040 |
_aBD-JhCC _dBD-JhCC |
||
| 041 | _aben | ||
| 082 |
_a790 _bISL 1992 |
||
| 100 | _aইসলাম, সামীয়ুল | ||
| 245 |
_aবাংলাদেশের গ্রামীন খেলাধুলা / _cসামীয়ুল ইসলাম |
||
| 260 |
_aঢাকা : _bবাংলা একাডেমী, _c1992. |
||
| 300 |
_a234 P. : _billu, _c22 cm. |
||
| 650 |
_aSports _zBangladesh |
||
| 942 |
_2ddc _cBK |
||